LEADER 01497nam a2200325 i 4500 001 000000144419 003 CaOOAMICUS 005 20051028000000.0 008 051028s1978 it u000 u ita u 013 $a119777 020 $a88-07-10129-7 040 $aSeMil$bita 100 1 $aGehlen, Arnold,$d<1904-1976>.$0(OLS)http://semarc/name/16397 240 14$aDer Mensch. Seine Natur un seine Stellung in der Welt.$0(OLS)http://semarc/title/211249 245 12$aL'uomo :$bla sua natura e il suo posto nel mondo /$cArnold Gehlen ; introduzione di Karl-Siegbert Rehberg ; traduzione di Carlo Mainoldi. 260 $aMilano :$bFeltrinelli,$ccopyr. 1978. 300 $a459 p. ;$c23 cm. 490 0 $aCampi del sapere. Filosofia 490 0 $aCampi del sapere 650 4$aAntropologia filosofica.$0(OLS)http://semarc/subject/976 700 1 $aMainoldi, Carlo.$0(OLS)http://semarc/name/52025 700 1 $aRehberg, Karl-Siegbert.$0(OLS)http://semarc/name/57749 830 0$aCampi del sapere. Filosofia.$0(OLS)http://semarc/title/5981 830 0$aCampi del sapere.$0(OLS)http://semarc/title/6510 850 $aSeMil 852 $aSeMil$W1$xVenegono$y1$m2P II 601$j97349$B97349$CSeMilBibl$Z2$F105589 $81 961 $aLascito: Corradi mons. Enrico 996 $6020$a88-07-10129-7$9(OLS)http://semarc/number/65713 996 $6245$aL'uomo :$bla sua natura e il suo posto nel mondo$9(OLS)http://semarc/title/211248 996 $6260$aMilano :$bFeltrinelli$9(OLS)http://semarc/publisher/30237 LEADER 01354nam a2200301 i 4500 001 000000073547 003 CaOOAMICUS 005 20110505000000.0 008 110505s1994 it u000 u ita u 013 $a44719 020 $a88-420-4491-1 040 $aSeMil$bita 100 1 $aBanniard, Michel.$0(OLS)http://semarc/name/24106 240 10$aGenčse culturelle de l'Europe : 5.-8. sičcle.$0(OLS)http://semarc/title/118764 245 13$aLa genesi culturale dell'Europa :$b5.-8. secolo /$cMichel Banniard ; prefazione di Pierre Bonnassie. 260 $aBari :$bLaterza & Figli,$c1994. 300 $aX, 246 p. :$b[3] cartine geogr. ;$c22 cm. 490 0 $aStoria e societą 500 $aContiene : Taglio cronologico : riferimenti storici 400-800 ; Bibliografia. 650 4$aEuropa - Cultura.$0(OLS)http://semarc/subject/6110 700 1 $aBonnassie, Pierre.$0(OLS)http://semarc/name/36347 830 0$aStoria e societą.$0(OLS)http://semarc/title/2818 850 $aSeMil 852 $aSeMil$W1$xVenegono$y1$m3WA III 21$j39699$B39699$CSeMilBibl$Z2$F39703 $81 961 $aAcquisto: Cittą Nuova 996 $6020$a88-420-4491-1$9(OLS)http://semarc/number/53044 996 $6245$aLa genesi culturale dell'Europa :$b5.-8. secolo$9(OLS)http://semarc/title/118763 996 $6260$aBari :$bLaterza & Figli$9(OLS)http://semarc/publisher/29663